000 00648nam a2200241u 4500
001 35072
003 BD-RjUL
005 20211209052244.0
008 140520s1969 pk 000 0 eng
035 _a(BD-RjUL)35166
040 _aDLC
_cCarP
_dBD-RjUL
_beng
041 _aeng
082 _219
_a305.8009549
_bWIP 1969
100 1 _aWikeley, J. M.
_9106786
245 1 0 _aPunjabi Musalmans /
_cJ M Wikeley
250 _a2d ed.
260 _aLahore :
_bPakistan National Publishers,
_c[1969?]
300 _a163 p. ;
_c23 cm.
650 0 _aEthnology
_zPakistan.
_9106787
942 _2ddc
_cBK
999 _c35072
_d35072